| 000 | 00627nam a2200205 a 4500 | ||
|---|---|---|---|
| 001 | BRCA_3490 | ||
| 005 | 20190320204316.0 | ||
| 020 | _a087587195X | ||
| 041 | _aeng | ||
| 044 | _au | ||
| 050 | 4 |
_aNK5103 _b.F69 2006 |
|
| 100 | 1 |
_aFox, Howard N. _99081 |
|
| 245 | 1 | 0 |
_aGlass _bMaterial Matters _cExhibition Organized by Howard N. Fox and Sarah Nichols. |
| 260 |
_aLos Angeles _bLos Angeles County Museum of Art _c2006 |
||
| 300 |
_a175 p. _bil. a color _c23 cm. |
||
| 610 | 2 | 4 |
_aLos Angeles County Museum of Art _xColecciones de arte _99082 |
| 650 | 1 | 4 |
_aVidrio _vCatálogos _99083 |
| 700 | 1 |
_aNichols, Sarah _99084 |
|
| 942 |
_2lcc _cB |
||
| 999 |
_c3226 _d3226 |
||